| 000 | 00356nam a2200133Ia 4500 | ||
|---|---|---|---|
| 003 | GCL | ||
| 008 | 140319s9999 xx 000 0 eng d | ||
| 040 |
_aGCL / _cGCL |
||
| 082 | 0 | 4 |
_a551.5 _bM F |
| 100 | 1 | _aMCLLVEEN, ROBIN | |
| 245 | 1 | 0 |
_aFUNDAMENTALS OF WEATHER AND CLIMATE / _cMCLLVEEN, ROBIN |
| 260 |
_a[S.N] : _bCHAPMAN & HALL ، _c1995 |
||
| 300 | _a497\P | ||
| 999 |
_c23510 _d23510 |
||